|
|
|
|
| LEADER |
01073nam a2200277 a 4500 |
| 001 |
009162637-4 |
| 008 |
120704s2003 enka b 001 0 eng |
| 010 |
|
|
|a 2003040789
|
| 020 |
|
|
|a 9781849802499
|
| 020 |
|
|
|a 1840648279
|
| 040 |
|
|
|a DLC
|c DLC
|d YDX
|d BD-DhAAL
|
| 082 |
0 |
0 |
|a 302
|2 21
|
| 245 |
0 |
0 |
|a Foundations of social capital /
|c edited by Elinor Ostrom and T.K. Ahn.
|
| 260 |
|
|
|a Cheltenham, UK ;
|a Northhampton, MA :
|b Edward Elgar Pub.,
|c c2003.
|
| 300 |
|
|
|a xxxix, 590 p. :
|b ill. ;
|c 25 cm.
|
| 490 |
0 |
|
|a Critical studies in economic institutions ;
|v 2
|
| 504 |
|
|
|a Includes bibliographical references and index.
|
| 541 |
|
|
|e 00025560
|
| 650 |
|
0 |
|a Social capital (Sociology)
|
| 650 |
|
0 |
|a Democracy.
|
| 650 |
|
0 |
|a Economic development.
|
| 700 |
1 |
|
|a Ostrom, Elinor.
|
| 700 |
1 |
|
|a Ahn, T.K.,
|d 1966-
|
| 852 |
1 |
|
|a Ayesha Abed Library
|c General shelf.
|
| 999 |
|
|
|c 12507
|d 12507
|
| 952 |
|
|
|0 0
|1 0
|2 ddc
|4 0
|6 302_000000000000000_FOU
|7 0
|9 20665
|a IGS
|b IGS
|c GEN
|d 2012-07-03
|e karim International
|g 4550.00
|l 1
|m 3
|o 302 FOU
|p 3010025560
|r 2014-06-09
|s 2012-12-31
|t 1
|w 2012-07-05
|y BK
|